000 00293nam a22001337a 4500
008 171124b xxu||||| |||| 00| 0 eng d
020 _a9780073109176
041 _aeng
080 _a338
100 _a54
101 _aMAN
245 _aLABOR MANAGEMENT RELATIONS
_cHIL.M
942 _2udc
_cBK
999 _c38453
_d38453